000 00963nam a22002297a 4500
005 20240611142116.0
008 220324b ||||| |||| 00| 0 eng d
020 _a9789392451140
040 _cAL
041 _aKannada
082 _223
_a398.2K
_bPARA
100 _aK Langlo Parker
_9170086
100 _925774
_dಲ್ಯಾಂಗ್ಲೋ ಪಾರ್ಕರ್ ಕೆ
245 _aAustraliaada Jaanapada Kategalu
_bಆಸ್ಟ್ರೇಲಿಯಾದ ಜಾನಪದ ಕತೆಗಳು
260 _aBengaluru
_bNavakarnataka Publications Private Limited
_c2021
300 _a136 p.
_bPB
_c21.5x14 cm.
365 _aBLCR-000132
_b₹112.00
_c
_d₹140.00
_e20%
_f11-03-2022
650 _aAustraliaada Paurāṇika Kathegaḷu ಆಸ್ಟ್ರೇಲಿಯಾದ ಪೌರಾಣಿಕ ಕತೆಗಳು
_925764
700 _aSidney Srinivas
_925765
700 _aಸಿಡ್ನಿ ಶ್ರೀನಿವಾಸ್ Tr
_925766
942 _2ddc
_cBK
999 _c222016
_d222016